[Event "FIDE World Rapid Team"]
[Site "Almaty KAZ"]
[Date "2024.08.02"]
[Round "1.1"]
[White "Tologon tegin, Semetei"]
[Black "Nepomniachtchi, Ian"]
[Result "0-1"]
[WhiteTitle "IM"]
[BlackTitle "GM"]
[WhiteElo "2337"]
[BlackElo "2767"]
[WhiteTeam "Kyrgyz Chess Academy"]
[BlackTeam "WR Chess Team"]
[WhiteFideId "13800574"]
[BlackFideId "4168119"]
[EventDate "2024.08.02"]

1. e4 c5 2. Nf3 d6 3. d4 cxd4 4. Nxd4 Nf6 5. Nc3 a6 6. a3 e5 7. Nf3 Be7 8. Bg5
Nbd7 9. Bc4 b5 10. Ba2 Bb7 11. Bxf6 Nxf6 12. Qd3 Rc8 13. Nd2 O-O 14. f3 Qb6 15.
Nf1 b4 16. axb4 d5 17. exd5 Bxb4 18. Ne3 e4 19. fxe4 Nxe4 20. O-O Nxc3 21. bxc3
Rxc3 0-1

[Event "FIDE World Rapid Team"]
[Site "Almaty KAZ"]
[Date "2024.08.02"]
[Round "1.3"]
[White "Markov, Mikhail KGZ"]
[Black "Praggnanandhaa, R"]
[Result "0-1"]
[WhiteTitle "IM"]
[BlackTitle "GM"]
[WhiteElo "2255"]
[BlackElo "2749"]
[WhiteTeam "Kyrgyz Chess Academy"]
[BlackTeam "WR Chess Team"]
[WhiteFideId "13800698"]
[BlackFideId "25059530"]
[EventDate "2024.08.02"]

1. c4 e5 2. a3 Nf6 3. Nc3 d5 4. cxd5 Nxd5 5. e4 Ne7 6. Nf3 Nbc6 7. Bc4 Ng6 8. d3
Be7 9. h4 Bg4 10. h5 Nh4 11. Kf1 Qd7 12. Nd5 Bxf3 13. gxf3 Nd4 14. h6 c6 15.
Nxe7 Qxe7 16. f4 gxh6 17. Qh5 Ng6 18. f5 Nf4 19. Qxh6 O-O-O 20. Bxf4 exf4 21.
Qxf4 h5 22. Rc1 Rdg8 23. b4 a6 24. Qe3 Rd8 25. Bd5 Nxf5 26. Qa7 Rh6 27. Rxh5
Rxh5 28. Rxc6+ Kd7 29. Qxb7+ Ke8 30. Rc7 Ne3+ 31. Ke2 Nxd5 32. Rxe7+ Nxe7 33.
Qxa6 Ng6 34. b5 Nf4+ 35. Ke3 Nxd3 36. Qc6+ Ke7 37. b6 Rh3+ 38. f3 Rxf3+ 39. Ke2
Rf6 40. Qb5 Nc1+ 41. Ke1 Nd3+ 42. Ke2 Rf2+ 43. Ke3 Rb2 44. Qc4 Rd7 45. Qc6 Rb3
46. Ke2 Ne5 47. Qc5+ Ke6 0-1

[Event "FIDE World Rapid Team"]
[Site "Almaty KAZ"]
[Date "2024.08.02"]
[Round "1.5"]
[White "Samaganova, Aleksandra"]
[Black "Kosteniuk, Alexandra"]
[Result "0-1"]
[WhiteTitle "WFM"]
[BlackTitle "GM"]
[WhiteElo "1948"]
[BlackElo "2488"]
[WhiteTeam "Kyrgyz Chess Academy"]
[BlackTeam "WR Chess Team"]
[WhiteFideId "13800221"]
[BlackFideId "4128125"]
[EventDate "2024.08.02"]

1. c4 e5 2. Nc3 Nf6 3. Nf3 Nc6 4. a3 d5 5. cxd5 Nxd5 6. Qc2 Nxc3 7. dxc3 a5 8.
e4 Bc5 9. h3 O-O 10. Bd3 Qf6 11. Qe2 a4 12. Be3 Bxe3 13. Qxe3 h6 14. O-O b6 15.
Rad1 Ne7 16. Bb5 Ng6 17. Bd7 Ba6 18. Rfe1 Bc4 19. g3 Rfd8 20. h4 Nf8 21. Bf5 Ne6
22. Nd2 Bb5 23. Bxe6 Rd3 24. Bxf7+ Qxf7 25. Qe2 Rxg3+ 26. fxg3 Bxe2 27. Rxe2 Qh5
28. Rde1 Rd8 29. Nc4 Rd1 30. Kg2 Rxe1 31. Rxe1 Qe8 32. Ne3 Qb5 33. Nd1 Qd3 34.
Kf2 Qd2+ 35. Kf1 Kh7 36. h5 Kg8 37. c4 Qd3+ 38. Kf2 Qxc4 39. Nc3 Qb3 40. Re2
Qf7+ 41. Ke1 Qxh5 42. Nd5 Qf3 43. Re3 Qh1+ 44. Kd2 Qb1 45. Nxc7 Qxb2+ 46. Kd1
Qd4+ 47. Ke2 Qc4+ 0-1

[Event "FIDE World Rapid Team"]
[Site "Almaty KAZ"]
[Date "2024.08.02"]
[Round "1.7"]
[White "Ding, Liren"]
[Black "Aitbayev, Aslan"]
[Result "1-0"]
[WhiteTitle "GM"]
[BlackTitle "IM"]
[WhiteElo "2745"]
[BlackElo "2380"]
[WhiteTeam "Decade China Team"]
[BlackTeam "Astana-2"]
[WhiteFideId "8603677"]
[BlackFideId "13704613"]
[EventDate "2024.08.02"]

1. e4 e6 2. d4 d5 3. e5 c5 4. c3 Nc6 5. Nf3 Bd7 6. Be2 Nge7 7. O-O Ng6 8. g3 Be7
9. h4 O-O 10. h5 Nh8 11. h6 g6 12. dxc5 Bxc5 13. c4 f6 14. cxd5 Nxe5 15. Nc3
Nxf3+ 16. Bxf3 e5 17. d6 Nf7 18. Bxb7 Rb8 19. Bd5 Bh3 20. Re1 Bd4 21. Be3 Rb4
22. a3 Bxe3 23. axb4 Bd4 24. Nb5 Bb6 25. Nxa7 Qd7 26. Nc6 Kh8 27. Ra6 Qb7 28.
Rxb6 Qxb6 29. Bxf7 Rxf7 30. Qd5 Qb7 31. Ra1 Rf8 32. Ra7 Qb6 33. Qf7 1-0

[Event "FIDE World Rapid Team"]
[Site "Almaty KAZ"]
[Date "2024.08.02"]
[Round "1.9"]
[White "Yu, Yangyi"]
[Black "Akhmedinov, Satbek"]
[Result "1-0"]
[WhiteTitle "GM"]
[BlackTitle "FM"]
[WhiteElo "2703"]
[BlackElo "2379"]
[WhiteTeam "Decade China Team"]
[BlackTeam "Astana-2"]
[WhiteFideId "8603820"]
[BlackFideId "13714287"]
[EventDate "2024.08.02"]

1. e4 Nf6 2. e5 Nd5 3. d4 d6 4. Nf3 dxe5 5. Nxe5 c6 6. Bc4 Nd7 7. Nf3 g6 8. O-O
Bg7 9. Re1 O-O 10. h3 h6 11. a4 a5 12. Nc3 N7b6 13. Bb3 Bf5 14. Ne4 Qc7 15. Ng3
Be6 16. Ne5 Qc8 17. Qe2 Kh7 18. Bd2 Nc7 19. c4 f6 20. Nxg6 Kxg6 21. Bc2+ f5 22.
Qh5+ Kh7 23. Rxe6 Qxe6 24. Nxf5 Kg8 25. Nxg7 Kxg7 26. Re1 Qf6 27. Bxh6+ Qxh6 28.
Rxe7+ Kf6 29. Qe5# 1-0

[Event "FIDE World Rapid Team"]
[Site "Almaty KAZ"]
[Date "2024.08.02"]
[Round "1.10"]
[White "Mazhkenov, Alisher"]
[Black "Li, Chao b"]
[Result "1/2-1/2"]
[BlackTitle "GM"]
[WhiteElo "2118"]
[BlackElo "2635"]
[WhiteTeam "Astana-2"]
[BlackTeam "Decade China Team"]
[WhiteFideId "13718983"]
[BlackFideId "8604436"]
[EventDate "2024.08.02"]

1. e4 d5 2. exd5 Qxd5 3. Nc3 Qa5 4. d4 Nf6 5. Nf3 Bf5 6. Bc4 e6 7. Bd2 Bb4 8.
O-O O-O 9. h3 Nbd7 10. Re1 Rfd8 11. a3 Bxc3 12. Bxc3 Qb6 13. b3 Qc6 14. Bb2 Be4
15. Re3 b5 16. Bd3 Bxd3 17. Rxd3 a5 18. Rc1 Rab8 19. Ba1 b4 20. axb4 axb4 21. c4
bxc3 22. Rdxc3 Qb7 23. Rxc7 Qxb3 24. Qxb3 Rxb3 25. d5 exd5 26. Nd4 Ra3 27. Nc6
Re8 28. Rd1 Ra4 29. Nd4 Rea8 30. Bb2 Rb4 31. Bc3 Rc4 32. Nb5 Rc8 33. Rxc8+ Rxc8
34. Bd4 h5 35. h4 Ne4 36. f3 Ng3 37. Bf2 Rc1 38. Rxc1 Ne2+ 39. Kf1 Nxc1 40. Nc7
Nd3 41. Nxd5 f6 42. Ke2 1/2-1/2

[Event "FIDE World Rapid Team"]
[Site "Almaty KAZ"]
[Date "2024.08.02"]
[Round "1.11"]
[White "Ju, Wenjun"]
[Black "Tokbayev, Anuar"]
[Result "1-0"]
[WhiteTitle "GM"]
[WhiteElo "2563"]
[BlackElo "1880"]
[WhiteTeam "Decade China Team"]
[BlackTeam "Astana-2"]
[WhiteFideId "8603006"]
[BlackFideId "13724703"]
[EventDate "2024.08.02"]

1. Nf3 Nf6 2. d4 e6 3. c4 d5 4. g3 dxc4 5. Bg2 Nc6 6. Qa4 Bb4+ 7. Bd2 Nd5 8.
Bxb4 Nxb4 9. O-O Rb8 10. Nc3 a6 11. Ne5 Bd7 12. Nxc6 Nxc6 13. Qxc4 O-O 14. Rfd1
Qe7 15. Rac1 Rfc8 16. Ne4 e5 17. e3 exd4 18. exd4 Na5 19. Qc3 b6 20. Re1 Qf8 21.
Qd3 Bb5 22. Qc2 h6 23. Nc3 c5 24. Nd5 Rd8 25. dxc5 bxc5 26. Qxc5 Qxc5 27. Rxc5
Nb7 28. Rc7 Nd6 29. b3 Rd7 30. Rd1 Rxc7 31. Nxc7 Nf5 32. a4 Be2 33. Rd2 Bh5 34.
h3 Bg6 35. Nxa6 Rxb3 36. Nc5 Ra3 37. Be4 Rc3 38. Rd8+ Kh7 39. Nd7 h5 40. Nf8+
Kh6 41. Nxg6 fxg6 42. h4 Kh7 43. a5 Ra3 44. Ra8 Nd6 45. Bd5 Nb5 46. Bg8+ Kh6 47.
Bc4 1-0

[Event "FIDE World Rapid Team"]
[Site "Almaty KAZ"]
[Date "2024.08.02"]
[Round "1.12"]
[White "Altynbek, Aiaru"]
[Black "Li, Deyang"]
[Result "0-1"]
[WhiteTitle "WFM"]
[WhiteElo "1990"]
[BlackElo "1847"]
[WhiteTeam "Astana-2"]
[BlackTeam "Decade China Team"]
[WhiteFideId "13752472"]
[BlackFideId "8622272"]
[EventDate "2024.08.02"]

1. d4 d5 2. c4 c6 3. Nf3 Nf6 4. Nc3 dxc4 5. g3 b5 6. Bg2 Bb7 7. Ne5 Qc8 8. b3 b4
9. Na4 c3 10. Nc5 e6 11. O-O Nfd7 12. Ned3 Nxc5 13. dxc5 a5 14. a3 Na6 15. Be3
Be7 16. axb4 axb4 17. Ra4 O-O 18. Qc2 Rd8 19. Nxb4 Nxb4 20. Rxb4 Bf6 21. Be4 g6
22. Bf4 Ba6 23. Bd6 Bb5 24. Bd3 Qa6 25. Bxb5 cxb5 26. e4 Qa5 27. e5 Qxb4 28.
exf6 Qd4 29. Be7 Rd5 30. c6 Rc8 31. Qa2 Qb6 32. Qa1 Qxc6 33. Qc1 g5 34. h4 h6
35. hxg5 Rxg5 36. Qf4 Qd5 37. Rc1 Kh7 38. Qe3 Rh5 39. f3 Qg5 40. Qe4+ Qg6 41.
Qf4 Rf5 42. Qd6 Rxf3 43. Kg2 Qe4 44. Re1 Re3+ 45. Kh2 Rxe1 0-1

[Event "FIDE World Rapid Team"]
[Site "Almaty KAZ"]
[Date "2024.08.02"]
[Round "1.13"]
[White "Khusnutdinov, Rustam"]
[Black "Van Foreest, Jorden"]
[Result "1/2-1/2"]
[WhiteTitle "GM"]
[BlackTitle "GM"]
[WhiteElo "2429"]
[BlackElo "2696"]
[WhiteTeam "Helicopter"]
[BlackTeam "Chessy"]
[WhiteFideId "13701703"]
[BlackFideId "1039784"]
[EventDate "2024.08.02"]

1. e4 e5 2. Nf3 Nc6 3. Nc3 Nf6 4. Bb5 Bd6 5. d3 O-O 6. a3 Nd4 7. Nxd4 exd4 8.
Ne2 c6 9. Bc4 Bc7 10. O-O d5 11. exd5 Nxd5 12. Bxd5 Qxd5 13. Bf4 Ba5 14. Bd2 Bb6
15. Nf4 Qf5 16. Qh5 Qxh5 17. Nxh5 f6 18. Rfe1 Kf7 19. Ng3 Rd8 20. Ne4 Bc7 21.
Re2 b6 22. Rae1 Bd7 23. g3 h6 24. f3 g5 25. g4 Re8 26. Ng3 Rxe2 27. Rxe2 c5 28.
Nf5 Bxf5 29. gxf5 Rd8 30. Re6 Rd5 31. Rc6 Bd6 32. Kg2 Ke7 33. Rc8 Re5 34. Kf2
Rxf5 35. Kg2 Bxh2 36. Rh8 Bf4 37. Bxf4 Rxf4 38. Rxh6 Kd6 39. Rh7 a6 40. a4 Rf5
41. Rb7 Kc6 42. Rf7 b5 43. axb5+ axb5 44. Rf8 Kb6 45. Ra8 Re5 46. Kf2 f5 47. Rg8
f4 48. Ra8 Re7 49. Rg8 Re5 50. Ra8 c4 51. dxc4 bxc4 52. Rd8 Kc5 53. Rc8+ Kb4 54.
Rd8 Ra5 55. Ke2 Ra2 56. Rb8+ Kc5 57. Kd2 Rxb2 58. Rc8+ Kd5 59. Kc1 Rb5 60. Rd8+
Kc5 61. Rc8+ Kb4 62. Kd2 Rb7 63. Rg8 Rh7 64. Rb8+ Kc5 65. Rc8+ Kd5 66. Rd8+ Ke5
67. Re8+ Kf6 68. Rf8+ Ke7 69. Rf5 Rh2+ 70. Kd1 c3 71. Rxg5 Rd2+ 72. Kc1 Rf2 73.
Kd1 Rxf3 74. Rd5 Re3 75. Rxd4 f3 76. Rf4 Ke6 77. Rf8 Ke5 78. Rf7 Ke4 79. Rf8 Re2
80. Re8+ Kf4 81. Rxe2 fxe2+ 82. Kxe2 Ke4 83. Kf2 Kf4 84. Ke2 Ke5 1/2-1/2

[Event "FIDE World Rapid Team"]
[Site "Almaty KAZ"]
[Date "2024.08.02"]
[Round "1.14"]
[White "Sarana, Alexey"]
[Black "Gubaydulin, Talgat"]
[Result "1/2-1/2"]
[WhiteTitle "GM"]
[BlackTitle "IM"]
[WhiteElo "2717"]
[BlackElo "2385"]
[WhiteTeam "Chessy"]
[BlackTeam "Helicopter"]
[WhiteFideId "24133795"]
[BlackFideId "14202174"]
[EventDate "2024.08.02"]

1. d4 Nf6 2. c4 c5 3. d5 d6 4. Nc3 g6 5. e4 Bg7 6. Nf3 O-O 7. Be2 e6 8. Be3 Na6
9. h3 Nc7 10. a4 b6 11. Qd2 exd5 12. exd5 Bf5 13. O-O Ne4 14. Nxe4 Bxe4 15. Rfe1
Na6 16. Ng5 Bf5 17. Bg4 Bxg4 18. hxg4 Qd7 19. Ne4 Qxg4 20. Bf4 Nb4 21. Bxd6 Rfe8
22. f3 Qh5 23. Bg3 f5 24. Nf2 Bd4 25. Rxe8+ Rxe8 26. Re1 Rxe1+ 27. Qxe1 g5 28.
Qe6+ Qf7 29. Qc8+ Qf8 30. Qe6+ Qf7 31. Qc8+ Qf8 32. Qe6+ Qf7 33. Qc8+ 1/2-1/2

[Event "FIDE World Rapid Team"]
[Site "Almaty KAZ"]
[Date "2024.08.02"]
[Round "1.15"]
[White "Primbetov, Kazbek"]
[Black "Koneru, Humpy"]
[Result "0-1"]
[WhiteTitle "FM"]
[BlackTitle "GM"]
[WhiteElo "2059"]
[BlackElo "2530"]
[WhiteTeam "Helicopter"]
[BlackTeam "Chessy"]
[WhiteFideId "13702297"]
[BlackFideId "5008123"]
[EventDate "2024.08.02"]

1. e4 e5 2. Nf3 Nc6 3. Nc3 Nf6 4. Bb5 Nd4 5. Bc4 c6 6. d3 d5 7. exd5 cxd5 8.
Nxd4 exd4 9. Bb5+ Ke7 10. O-O dxc3 11. bxc3 Qa5 12. c4 Bg4 13. Re1+ Kd8 14. f3
Be6 15. Bd2 Bb4 16. Bxb4 Qxb4 17. Rb1 Qd6 18. Qd2 Rc8 19. cxd5 Qxd5 20. d4 Qxa2
21. Qg5 Rxc2 22. Qxg7 Rg8 23. Qxf6+ Kc8 24. Rbc1 Rxg2+ 25. Kf1 Bc4+ 26. Bxc4
Rcf2# 0-1

[Event "FIDE World Rapid Team"]
[Site "Almaty KAZ"]
[Date "2024.08.02"]
[Round "1.16"]
[White "Erdogmus, Yagiz Kaan"]
[Black "Kovanova, Mariya"]
[Result "1-0"]
[WhiteTitle "IM"]
[BlackTitle "WFM"]
[WhiteElo "2599"]
[BlackElo "2118"]
[WhiteTeam "Chessy"]
[BlackTeam "Helicopter"]
[WhiteFideId "44599790"]
[BlackFideId "13704818"]
[EventDate "2024.08.02"]

1. Nf3 d5 2. b3 Nf6 3. Bb2 c5 4. e3 Nc6 5. Bb5 Bd7 6. O-O e6 7. d3 Be7 8. Nbd2
O-O 9. c4 a6 10. Bxc6 Bxc6 11. Ne5 Rc8 12. f4 Nd7 13. Nxc6 Rxc6 14. e4 d4 15. e5
f6 16. exf6 Nxf6 17. Qe2 Qd7 18. Rae1 Re8 19. Nf3 Qc8 20. Ng5 Bf8 21. Bc1 h6 22.
Nf3 Rc7 23. Bd2 Bd6 24. Ne5 Bxe5 25. fxe5 Nh7 26. Qg4 Kh8 27. b4 b6 28. a4 Rce7
29. Ra1 Rf8 30. Rxf8+ Qxf8 31. a5 Qd8 32. axb6 Qxb6 33. b5 Ra7 34. Qg6 Ra8 35.
Rxa6 Rxa6 36. Qe8+ Nf8 37. Qxf8+ Kh7 38. bxa6 1-0

[Event "FIDE World Rapid Team"]
[Site "Almaty KAZ"]
[Date "2024.08.02"]
[Round "1.2"]
[White "Suleimen, Ergali"]
[Black "Maghsoodloo, Parham"]
[Result "0-1"]
[WhiteTitle "FM"]
[BlackTitle "GM"]
[WhiteElo "2334"]
[BlackElo "2723"]
[WhiteTeam "GMs Kazahhstan"]
[BlackTeam "Al-Ain ACMG UAE"]
[WhiteFideId "13724452"]
[BlackFideId "12539929"]
[EventDate "2024.08.02"]

1. e4 c5 2. Nf3 d6 3. d4 cxd4 4. Nxd4 Nf6 5. Nc3 a6 6. Be3 e5 7. Nb3 Be6 8. h3
Nbd7 9. g4 h6 10. Qd2 b5 11. O-O-O Be7 12. f4 b4 13. Nd5 Nxe4 14. Qxb4 Bxd5 15.
Rxd5 Ng3 16. Rg1 Nxf1 17. Rxf1 O-O 18. fxe5 Nxe5 19. Kb1 Qc7 20. Bc1 Rfc8 21.
Qe4 Rab8 22. Nd4 Bg5 23. Nb3 Bxc1 24. Rxc1 Nc4 25. g5 hxg5 26. h4 g4 27. h5 a5
28. h6 a4 29. Qxg4 f5 30. Qxg7+ Qxg7 31. hxg7 axb3 32. axb3 Ne3 33. Rxd6 Rb7 34.
Rd4 Rxg7 35. c4 Ra8 36. Re1 Ra1+ 37. Kxa1 Nc2+ 38. Kb1 Nxd4 39. b4 Rc7 40. c5
Rb7 41. Rc1 Kf7 42. c6 Rb8 43. Rc4 Ne6 44. Kc2 Ke7 45. Kd3 Kd6 46. Ke3 Rb6 47.
c7 Nxc7 48. Kf4 Nd5+ 49. Kg5 Ke5 0-1

[Event "FIDE World Rapid Team"]
[Site "Almaty KAZ"]
[Date "2024.08.02"]
[Round "1.3"]
[White "Andreikin, Dmitry"]
[Black "Balmagambetov, Timur"]
[Result "1-0"]
[WhiteTitle "GM"]
[WhiteElo "2729"]
[BlackElo "2154"]
[WhiteTeam "Al-Ain ACMG UAE"]
[BlackTeam "GMs Kazahhstan"]
[WhiteFideId "4158814"]
[BlackFideId "13730258"]
[EventDate "2024.08.02"]

1. d4 Nf6 2. c4 g6 3. Nc3 Bg7 4. e4 d6 5. h3 O-O 6. Be3 Na6 7. Nf3 e5 8. d5 Nh5
9. Nd2 Qe8 10. Rg1 f5 11. g4 f4 12. gxh5 fxe3 13. fxe3 Qe7 14. Nf3 gxh5 15. Qe2
Kh8 16. Ng5 Bg4 17. hxg4 Qxg5 18. O-O-O Bh6 19. Kb1 Qxe3 20. Rh1 Rf2 21. Qxe3
Bxe3 22. Rxh5 Rg8 23. Be2 h6 24. Rf5 Kg7 25. a3 Bd4 26. Rxf2 Bxf2 27. b4 Nb8 28.
Nb5 Rc8 29. g5 a6 30. Bg4 Rh8 31. gxh6+ Rxh6 32. Nxc7 Bb6 33. Ne6+ Kf6 34. c5
Ba7 35. cxd6 Rh2 36. Nc5 b6 37. d7 Rh8 38. Nb7 Nxd7 39. Bxd7 Rh4 40. d6 Rxe4 41.
Bc6 1-0

[Event "FIDE World Rapid Team"]
[Site "Almaty KAZ"]
[Date "2024.08.02"]
[Round "1.4"]
[White "Petukhov, Alan"]
[Black "Murzin, Volodar"]
[Result "1-0"]
[BlackTitle "GM"]
[WhiteElo "2224"]
[BlackElo "2641"]
[WhiteTeam "GMs Kazahhstan"]
[BlackTeam "Al-Ain ACMG UAE"]
[WhiteFideId "13731190"]
[BlackFideId "44155573"]
[EventDate "2024.08.02"]

1. c4 Nf6 2. Nf3 g6 3. g3 Bg7 4. Bg2 O-O 5. O-O d6 6. d4 c6 7. Nc3 Bf5 8. Nh4
Be6 9. d5 cxd5 10. cxd5 Bd7 11. Be3 Na6 12. h3 Qa5 13. a3 Rfc8 14. Bd4 Ne8 15.
Nf3 Nac7 16. Qd3 Qa6 17. Qd2 Nf6 18. e4 Nb5 19. Nxb5 Bxb5 20. Rfe1 Qa4 21. Rac1
Rxc1 22. Qxc1 Bd7 23. Bc3 Rc8 24. Qe3 a6 25. Nd2 Ne8 26. e5 Rxc3 27. Qxc3 Bxe5
28. Rxe5 dxe5 29. Qxe5 Nf6 30. Qxe7 Qd1+ 31. Nf1 Qd4 32. b4 Kg7 33. Ne3 Qa1+ 34.
Kh2 Qb2 35. f4 h5 36. Nc4 Qf2 37. Nd6 h4 38. Qxf6+ 1-0

[Event "FIDE World Rapid Team"]
[Site "Almaty KAZ"]
[Date "2024.08.02"]
[Round "1.5"]
[White "Zhu, Jiner"]
[Black "Kaliakhmet, Elnaz"]
[Result "1-0"]
[WhiteTitle "GM"]
[BlackTitle "WFM"]
[WhiteElo "2479"]
[BlackElo "2137"]
[WhiteTeam "Al-Ain ACMG UAE"]
[BlackTeam "GMs Kazahhstan"]
[WhiteFideId "8608059"]
[BlackFideId "13730169"]
[EventDate "2024.08.02"]

1. e4 c5 2. Nf3 Nc6 3. d4 cxd4 4. Nxd4 e5 5. Nb5 d6 6. c4 Be6 7. N5c3 g6 8. Be2
Bg7 9. Be3 Nf6 10. O-O O-O 11. f3 Nd4 12. Na3 Rc8 13. Kh1 Nh5 14. Rc1 Nf4 15.
Qd2 Nfxe2 16. Nxe2 Nxe2 17. Qxe2 a6 18. Rfd1 Qe7 19. b3 f5 20. exf5 gxf5 21. Nc2
b5 22. Nb4 bxc4 23. bxc4 a5 24. Nd5 Bxd5 25. Rxd5 a4 26. Qd1 e4 27. f4 Qf7 28.
Qxa4 Ra8 29. Ra5 Qb7 30. Rxa8 Rxa8 31. Qb5 Qxb5 32. cxb5 d5 33. b6 Rb8 34. Bc5
d4 35. a4 e3 36. Re1 Ra8 37. Kg1 Bf8 38. Bxd4 Rxa4 39. Bxe3 Rb4 40. Rd1 Kf7 41.
Rd7+ Ke6 42. Rxh7 Kd5 43. Rf7 Bd6 44. Rf6 Ke4 45. Rxd6 Kxe3 46. h4 Kxf4 47. h5
Kg5 48. h6 Rh4 49. b7 Rb4 50. h7 1-0

[Event "FIDE World Rapid Team"]
[Site "Almaty KAZ"]
[Date "2024.08.02"]
[Round "1.7"]
[White "Kazakov, Konstantin"]
[Black "Mamedyarov, Shakhriyar"]
[Result "0-1"]
[WhiteTitle "IM"]
[BlackTitle "GM"]
[WhiteElo "2333"]
[BlackElo "2733"]
[WhiteTeam "Storm of Dragons"]
[BlackTeam "Kazchess"]
[WhiteFideId "13700898"]
[BlackFideId "13401319"]
[EventDate "2024.08.02"]

1. e4 c6 2. d4 d5 3. e5 c5 4. dxc5 e6 5. Nf3 Bxc5 6. Bd3 Nc6 7. O-O Nge7 8. Nbd2
Ng6 9. Nb3 Bb6 10. Re1 Bd7 11. c3 f6 12. Bxg6+ hxg6 13. Be3 Bc7 14. Bd4 b6 15.
Qd3 Kf7 16. Rad1 Rh5 17. exf6 gxf6 18. Be3 Qh8 19. g3 g5 20. c4 Ne5 21. Nxe5+
Bxe5 22. Bd4 Rxh2 23. Bxe5 g4 24. Kf1 fxe5 25. cxd5 Qf6 26. dxe6+ Bxe6 27. Rd2
Qf3 28. Qxf3+ gxf3 29. Kg1 Rah8 0-1

[Event "FIDE World Rapid Team"]
[Site "Almaty KAZ"]
[Date "2024.08.02"]
[Round "1.9"]
[White "Dosmukhambetov, Arystan"]
[Black "Grischuk, Alexander"]
[Result "0-1"]
[BlackTitle "GM"]
[WhiteElo "1976"]
[BlackElo "2708"]
[WhiteTeam "Storm of Dragons"]
[BlackTeam "Kazchess"]
[WhiteFideId "13742418"]
[BlackFideId "4126025"]
[EventDate "2024.08.02"]

1. e4 e5 2. Nc3 Nc6 3. Bc4 Nf6 4. d3 Bc5 5. Nf3 h6 6. Be3 Bb4 7. h3 O-O 8. O-O
Bxc3 9. bxc3 Re8 10. Re1 d6 11. Rb1 Na5 12. Bb3 b5 13. Nd2 c5 14. c4 a6 15. c3
Rb8 16. cxb5 axb5 17. Bc2 Nc6 18. f4 exf4 19. Bxf4 Be6 20. Bb3 Rb6 21. Bxe6 Rxe6
22. Nf3 b4 23. cxb4 Nxb4 24. Qd2 Ra6 25. Rb2 Ra3 26. Re3 d5 27. exd5 Rxe3 28.
Bxe3 Rxd3 29. Qe2 Qxd5 30. a3 Rxa3 31. Rd2 Rd3 32. Rb2 Ne4 33. Rb1 Nc3 0-1

[Event "FIDE World Rapid Team"]
[Site "Almaty KAZ"]
[Date "2024.08.02"]
[Round "1.10"]
[White "Sadvakasov, Darmen"]
[Black "Akhmet, Suleyman"]
[Result "1-0"]
[WhiteTitle "GM"]
[WhiteElo "2629"]
[BlackElo "1730"]
[WhiteTeam "Kazchess"]
[BlackTeam "Storm of Dragons"]
[WhiteFideId "13700464"]
[BlackFideId "13752111"]
[EventDate "2024.08.02"]

1. e4 c5 2. Nf3 e6 3. d3 Nc6 4. g3 Nf6 5. Bg2 d5 6. Qe2 Be7 7. O-O b6 8. e5 Nd7
9. c4 d4 10. h4 Qc7 11. Re1 Bb7 12. Na3 a6 13. Nc2 h6 14. a3 g5 15. hxg5 hxg5
16. Bxg5 Bxg5 17. Nxg5 Ncxe5 18. f4 Nc6 19. Nxf7 Kxf7 20. Qxe6+ Kg7 21. Qg4+ Kf8
22. Qf5+ Kg7 23. Qg5+ Kf8 24. Re6 Re8 25. Qf5+ 1-0

[Event "FIDE World Rapid Team"]
[Site "Almaty KAZ"]
[Date "2024.08.02"]
[Round "1.11"]
[White "Kim, Kristina"]
[Black "Assaubayeva, Bibisara"]
[Result "0-1"]
[WhiteTitle "WCM"]
[BlackTitle "IM"]
[WhiteElo "1943"]
[BlackElo "2470"]
[WhiteTeam "Storm of Dragons"]
[BlackTeam "Kazchess"]
[WhiteFideId "13712438"]
[BlackFideId "13708694"]
[EventDate "2024.08.02"]

1. d4 Nf6 2. c4 g6 3. Nc3 Bg7 4. Nf3 O-O 5. g3 d6 6. Bg2 Bd7 7. O-O Qc8 8. Re1
Nc6 9. e4 Bg4 10. Be3 Re8 11. Qd2 Bxf3 12. Bxf3 e5 13. dxe5 Nxe5 14. Be2 Qh3 15.
f3 c6 16. Bd4 Rad8 17. Rad1 d5 18. cxd5 cxd5 19. f4 Nc4 20. Bxc4 dxc4 21. e5 Ng4
22. Qg2 Qxg2+ 23. Kxg2 f6 24. h3 fxe5 25. Bxa7 Rxd1 26. Rxd1 Nh6 27. Rd7 exf4
28. gxf4 b5 29. a3 Nf5 30. Rb7 Nd6 31. Rb6 Rd8 32. Bb8 Bxc3 33. bxc3 Ne4 34. Be5
Rd5 35. Kf3 Nxc3 36. Rb7 Nb1 37. Ke4 Rd3 38. Rb8+ Kf7 39. Rb7+ Ke6 40. Rb6+ Kd7
41. f5 Nd2+ 42. Kf4 Rf3+ 43. Kg4 h5+ 44. Kh4 Rxf5 45. Bc3 Ne4 46. Bb4 Rf4# 0-1

[Event "FIDE World Rapid Team"]
[Site "Almaty KAZ"]
[Date "2024.08.02"]
[Round "1.12"]
[White "Ayapov, Alimzhan"]
[Black "Kertaev, Natan"]
[Result "0-1"]
[WhiteElo "2001"]
[BlackElo "1828"]
[WhiteTeam "Kazchess"]
[BlackTeam "Storm of Dragons"]
[WhiteFideId "13727125"]
[BlackFideId "13711555"]
[EventDate "2024.08.02"]

1. d4 Nf6 2. Nc3 e6 3. Bf4 Bb4 4. e3 Nd5 5. Ne2 Nxf4 6. Nxf4 b6 7. Qg4 g6 8. h4
h5 9. Qg3 Qf6 10. a3 Bxc3+ 11. bxc3 Bb7 12. Bd3 d6 13. O-O Nd7 14. a4 a5 15. Bb5
O-O-O 16. Rab1 Rdg8 17. Nh3 Qe7 18. Be2 g5 19. hxg5 f6 20. f4 h4 21. Qf2 e5 22.
Bf3 fxg5 23. Bxb7+ Kxb7 24. fxg5 Rh7 25. Qf3+ e4 26. Qf5 Rhg7 27. Rf4 Re8 28.
Rbf1 c6 29. Qg4 d5 30. Qxh4 Reg8 31. c4 Qa3 32. Qg3 Qxa4 33. cxd5 cxd5 34. Rf7
Qxc2 35. Qe5 Rxf7 36. Rxf7 Qc1+ 37. Kh2 Qc7 38. Nf4 Nxe5 39. Rxc7+ Kxc7 40. dxe5
a4 41. Nxd5+ Kb7 42. Kg3 a3 43. Nb4 Rxg5+ 44. Kf4 Rxg2 45. e6 Kc7 46. Ke5 a2 47.
Nd5+ Kd8 48. Kd6 Rg6 49. Nf4 Rxe6+ 50. Nxe6+ Kc8 0-1